000 00359nam a2200157Ia 4500
003 Ost
005 20260225132537.0
008 260225s9999||||xx |||||||||||||| ||und||
040 _cfsic
041 _afre
082 _a658.8
100 _aPhilipe j maarek
_eAuteur
245 0 _aCommunicatin et marketing /
245 0 _cPhilipe j maarek
942 _cكتاب
999 _c33294
_d33294